Zipser Treue /
Uložené v:
| Hlavný autor: | |
|---|---|
| Médium: | Kniha |
| Jazyk: | Hungarian |
| Vydané: |
Budapest :
Zipser Bund,
[1921?].
|
| ISBN: |
(brož.) |
| Fyzický popis: |
63 s. |
| Tagy: |
Pridať tag
Žiadne tagy, Buďte prvý kto otaguje tento záznam!
|
Titul je dostupný aj v ... 

MARC
| LEADER | 00000nam a22000007a 4500 | ||
|---|---|---|---|
| 001 | 000463518 | ||
| 005 | 20150410223950.0 | ||
| 008 | 090210s1921 hu e 000 0 hun d | ||
| 020 | |a (brož.) |c Kčs 3,00 | ||
| 040 | |a SVKKK |b slo |c SVKKK |e AACR2 | ||
| 041 | 0 | |a hun | |
| 044 | |a hu |a HU | ||
| 100 | 1 | |a Lám, Friedrich |d 1881-1955 |4 aut | |
| 245 | 1 | 0 | |a Zipser Treue / |c Friedrich Lám. |
| 260 | |a Budapest : |b Zipser Bund, |c [1921?]. | ||
| 300 | |a 63 s. | ||
| 910 | |a svkkk | ||
| 998 | |a BK | ||
| 090 | |g SCKHL |k Sklad Pribinova prízemie |a I.6260 |j 102994 |i 2720334588 |s Prezenčne | ||